Dedications (Record no. 96)

MARC details
000 -LEADER
campo de control de longitud fija 00332 a2200133 4500
020 ## - NÚMERO INTERNACIONAL ESTÁNDAR DEL LIBRO
Número Internacional Estándar del Libro 0923183361
082 ## - NÚMERO DE LA CLASIFICACIÓN DECIMAL DEWEY
Número de clasificación 861.891
Número de ítem C421d
100 ## - ENTRADA PRINCIPAL--NOMBRE DE PERSONA
Nombre de persona Cesarco, Alejandro
9 (RLIN) 479
245 ## - MENCIÓN DEL TÍTULO
Título Dedications
260 ## - PUBLICACIÓN, DISTRIBUCIÓN, ETC.
Lugar de publicación, distribución, etc. NYC
Nombre del editor, distribuidor, etc. A R T Press
Fecha de publicación, distribución, etc. 2003
300 ## - DESCRIPCIÓN FÍSICA
Extensión 200 p
Dimensiones 21 cm
650 ## - PUNTO DE ACCESO ADICIONAL DE MATERIA--TÉRMINO DE MATERIA
Término de materia o nombre geográfico como elemento de entrada Literatura
Subdivisión general Poesa̕
Subdivisión geográfica Uruguay
9 (RLIN) 544
700 ## - ENTRADA AGREGADA--NOMBRE PERSONAL
Nombre de persona Alejandro Cesarco
9 (RLIN) 480
Holdings
Estatus retirado Estado de pérdida Fuente del sistema de clasificación o colocación Estado de daño No para préstamo Biblioteca de origen Biblioteca actual Ubicación en estantería Fecha de adquisición Total de préstamos Signatura topográfica completa Código de barras Visto por última vez Precio de reemplazo Tipo de ítem Koha
    Clasificación Decimal Dewey     Biblioteca LadoV Biblioteca LadoV   03/05/2014   861.891 C421d 000081 03/05/2014 03/05/2014 Material 01